000 00510nam a22001817a 4500
003 CEME
005 20210628210236.0
008 210215b xxu||||| |||| 00| 0 eng d
020 _a0-07-021496-4
040 _c.
082 _a621.381 FON
100 _aFonstad, Clifton.G
_978692
245 _aMicroelectronic devices and circuits
260 _aNEW YORK
_bMCGRAW HILL
_c1994
300 _a686P
650 _aMICROELECTRONICS ELECTRIC CIRCUIT-ANALYSIS ELECTRIC CIRCUITS NONLINEAR
_978693
942 _cBK
_2ddc
999 _c583792
_d583792